| 000 | 02388nam0a2200337 4500 | ||
|---|---|---|---|
| 001 | RU\NLR\bibl\1965799 | ||
| 005 | 20260406011005.0 | ||
| 010 |
_a978-5-317-03242-5 _9300 |
||
| 035 | _a(NLR Aleph) 001954731 | ||
| 090 |
_a3743689 _c3743689 |
||
| 100 | _a20120601d2010 |||y0rusy50 ca | ||
| 101 | 0 | _arus | |
| 102 | _aRU | ||
| 105 | _aa ||||||||| | ||
| 200 | 1 |
_aУправление скважиной при капитальном ремонте скважин _eучебное пособие для слушателей системы дополнительного профессионального образования, обучающихся по образовательной программе "Специалист технологического надзора и контроля при строительстве скважин (буровой супервайзер)" _fО.А. Марков, В.М. Подгорнов, В.И. Исаев _gРос. гос. ун-т нефти и газа им. И.М. Губкина, Каф. бурения нефтяных и газовых скважин, Каф. нефтегазовой и подзем. гидромеханики |
|
| 210 |
_aМосква _cМАКС Пресс _d2010 |
||
| 215 |
_a98 с. _cил. _d29 |
||
| 313 | _aи заканчивание | ||
| 320 | _aБиблиогр.: с. 98 (13 назв.) | ||
| 606 | 1 |
_aНефтяные скважины _jУчебные издания для высших учебных заведений _xЗаканчивание _92079811 _3RU\NLR\auth\661255708 |
|
| 606 | 1 |
_aНефтяные скважины _jУчебные издания для высших учебных заведений _xКапитальный ремонт _92615011 _3RU\NLR\auth\661551570 |
|
| 686 | _aИ361.05я73-1 | ||
| 686 | _aИ361.69я73-1 | ||
| 700 | 1 |
_4070 _8rus _7ca _aМарков _bО. А. _gОлег Андреевич _f1939- _cканд. техн. наук _3RU\NLR\auth\7747463 _930398 |
|
| 701 | 1 |
_4070 _8rus _7ca _aПодгорнов _bВ. М. _f1941- _cд-р техн. наук _gВалерий Михайлович _3RU\NLR\auth\77116467 _999392 |
|
| 701 | 1 |
_4070 _8rus _7ca _aИсаев _bВ. И. _cканд. техн. наук _gВалерий Иванович _3RU\NLR\auth\7747461 _930396 |
|
| 801 | 0 |
_aRU _bNLR _c20120601 _gRCR |
|
| 801 | 1 |
_aRU _bNLR _c20120601 |
|
| 942 | _cBOOK | ||
| 980 | _aNB | ||